|
|
|
|
| LEADER |
00835nam a22001817a 4500 |
| 008 |
150715b xxu||||| |||| 00| 0 eng d |
| 082 |
|
|
|a 180 UNN
|
| 100 |
|
|
|a ഉണ്ണികൃഷ്ണന്, പി. വി.
|
| 240 |
|
|
|a Thathwachinthayum dialactisum
|
| 245 |
|
|
|a തത്ത്വചിന്തയും ഡയലക്ടിസും /
|c പി. വി. ഉണ്ണികൃഷ്ണന്
|
| 250 |
|
|
|a 1st ed.
|
| 260 |
|
|
|a കോഴിക്കോട് :
|b പ്രോഗ്രസ് പബ്ലിക്കേഷന്,
|c 2011.
|
| 300 |
|
|
|a 159p.
|
| 650 |
|
|
|a Philosophy
|
| 700 |
|
|
|a Unnikrishnan, P. V.
|
| 942 |
|
|
|2 ddc
|c BK
|
| 999 |
|
|
|c 11789
|d 11789
|
| 952 |
|
|
|0 0
|1 0
|2 ddc
|4 0
|6 180_000000000000000_UNN
|7 0
|9 16649
|a MAIN
|b MAIN
|d 2015-07-15
|e Gopi Book Seller
|g 110.00
|l 3
|o 180 UNN
|p 17091
|r 2019-09-16
|s 2019-08-01
|t 1
|w 2015-07-15
|y BK
|